Action science: relevant teaching and active learning

Saved in:
Bibliographic Details
Main Author: ROBERTSON, William H.
Format: Book
Language:English
Published: Sage Publications 2014.
Tags: Add Tag
No Tags, Be the first to tag this record!

MARC

LEADER 00000nam a22000007a 4500
008 210125b ||||| |||| 00| 0 eng d
020 |a  ISBN: 978-1-4522-5656-6 
100 |a ROBERTSON, William H. 
245 |a Action science:   |b  relevant teaching and active learning 
260 |b Sage Publications  |c 2014.  |h  Thousand Oaks, California:  |i 692409   |i 692410   |l LB1585 .R54 
500 |a “It includes index”. 
942 |a lcc  |c BK  |e j o ifatola  |f 25/1/2021 
952 |0 0  |1 0  |2 lcc  |4 0  |6 LB1585 R54  |7 0  |9 1711  |a HOL  |b HOL  |c LP  |d 2021-01-25  |l 0  |o LB1585 .R54  |p 2021-0491  |r 2021-01-25 00:00:00  |w 2021-01-25  |y BK 
952 |0 0  |1 0  |2 lcc  |4 0  |6 LB1585 R54  |7 0  |9 1713  |a HOL  |b ED  |c LP  |d 2021-01-25  |l 0  |o LB1585 .R54  |r 2021-01-25 00:00:00  |w 2021-01-25  |y BK 
999 |c 908  |d 908